| LDR | | 00000nam c2200205 k 4500 |
| 001 | | 000000341233 |
| 005 | | 20260409140118 |
| 007 | | ta |
| 008 | | 260407s2025 ggkad r 001a kor |
| 020 | |
▼a 9788930454919
▼g 94510 :
▼c \48000 |
| 020 | |
▼a 9788930454926(전2권) |
| 040 | |
▼a 248032
▼c 248032
▼d 248032 |
| 041 | 1 |
▼a kor
▼h eng |
| 049 | 0 |
▼l EM111831
▼v 2 |
| 056 | |
▼a 512.869
▼2 4 |
| 090 | |
▼a 512.869
▼b 볼74ㅊ8 |
| 245 | 20 |
▼a (최신) 아동건강간호학.
▼n 2 /
▼d Cowen,
▼e Wisely,
▼e Dawson
▼e Ball,
▼e Bindler ;
▼e 주현옥,
▼e 고예정,
▼e 김소희,
▼e 김정미,
▼e 박유경,
▼e 박혜련,
▼e 서지영,
▼e 손현미,
▼e 어용숙,
▼e 이내영,
▼e 이재영,
▼e 조헌하,
▼e 주애란,
▼e 최은아 외 |
| 246 | 19 |
▼a Principles of Pediatric Nursing Caring for Children |
| 250 | |
▼a 제8판 |
| 260 | |
▼a 파주 :
▼b 수문사,
▼c 2025 |
| 300 | |
▼a xi, 574 p. :
▼b 천연색삽화, 표 ;
▼c 29 cm |
| 500 | |
▼a 원저자명 : Kay Cowen, Laura Wisely, Robin Dawson, Jane Ball, Ruth Bindler |
| 504 | |
▼a 참고문헌(p. 537-568) 및 색인(p. 569-[575]) 수록 |
| 525 | |
▼a 권말부록 : 신장 체중 도표 등 |
| 546 | |
▼a 영어 원작을 한국어로 번역 |
| 653 | |
▼a 아동건강간호
▼a 아동간호
▼a 신생아 건강 |
| 700 | 1 |
▼a Ball, Jane,
▼e 저 |
| 700 | 1 |
▼a Cowen, Kay,
▼e 공저 |
| 700 | 1 |
▼a Wisely, Laura,
▼e 공저 |
| 700 | 1 |
▼a Dawson, Robin,
▼e 공저 |
| 700 | 1 |
▼a Bindler, Ruth,
▼e 공저 |
| 700 | 1 |
▼a 주현옥,
▼e 역 |
| 700 | 1 |
▼a 고예정,
▼e 공역 |
| 700 | 1 |
▼a 김소희,
▼e 공역 |
| 700 | 1 |
▼a 김정미,
▼e 공역 |
| 700 | 1 |
▼a 박유경,
▼e 공역 |
| 700 | 1 |
▼a 박혜련,
▼e 공역 |
| 700 | 1 |
▼a 서지영,
▼e 공역 |
| 700 | 1 |
▼a 손현미,
▼e 공역 |
| 700 | 1 |
▼a 어용숙,
▼e 공역 |
| 700 | 1 |
▼a 이내영,
▼e 공역 |
| 700 | 1 |
▼a 이재영,
▼e 공역 |
| 700 | 1 |
▼a 조헌하,
▼e 공역 |
| 700 | 1 |
▼a 주애란,
▼e 공역 |
| 700 | 1 |
▼a 최은아,
▼e 공역 |
| 900 | 11 |
▼a 볼, 제인,
▼e 저 |
| 900 | 11 |
▼a 코웬, 케이 |
| 900 | 11 |
▼a 와이즐리, 로라 |
| 900 | 11 |
▼a 도슨, 로빈 |
| 900 | 11 |
▼a 바인들러, 루스 |
| 950 | 0 |
▼b \48000 |
| 990 | |
▼a 관리자2
▼b 관리자2 |